| 000 | 00648nam a2200229 i 4500 | ||
|---|---|---|---|
| 003 | OSt | ||
| 005 | 20160309085425.0 | ||
| 008 | 880429s1990 sp spa | ||
| 020 | _a2-253-14239-5 | ||
| 040 | _cBMC | ||
| 082 | _a840.3 | ||
| 100 | 1 |
_aSimenon, Georges _d1903-1989 |
|
| 245 | 1 | 4 |
_aUne confidence de Maigret _cGeorges Simenon |
| 260 | 1 |
_aParís _bPresses de la citè _c1990 |
|
| 300 |
_a156 p. _c20 cm |
||
| 490 |
_aLe livre de poche _v14239 |
||
| 546 | _aTraducción de: Les memoires de Maigret | ||
| 650 | 2 | 4 |
_936675 _aNovela belga |
| 740 | 0 | 0 | _aMaigret y el hombre del banco |
| 740 | 0 | 0 | _aMaigret tiene miedo |
| 942 |
_2ddc _cBK |
||
| 999 |
_c24914 _d24914 |
||